| 000 | 01023nam a2200301Ia 4500 | ||
|---|---|---|---|
| 003 | OSt | ||
| 005 | 20221005092554.0 | ||
| 006 | a|||||r|||| 00| 0 | ||
| 007 | ta | ||
| 008 | 221004b |||||||| |||| 00| 0 eng d | ||
| 020 |
_a9781138651418 (hbk) _cUKP 80.00 |
||
| 024 | _a38658 | ||
| 037 |
_b1454, 17/01/2018, Bright Book Service _cTextual |
||
| 040 |
_aCRL _cCRL _beng |
||
| 041 |
_2eng _aeng |
||
| 082 | _aD65,8(B):715, Q7 | ||
| 100 |
_aLeppanen Sirpa Ed. _9617520 |
||
| 245 | 0 | _aSocial media discourse (dis)identification and diversities | |
| 260 |
_aNew York _bRoutledge USA _c2017 |
||
| 300 |
_aix,370p. _ccm. |
||
| 490 | _aRoutledge studies in sociolinguistics | ||
| 650 |
_a SOCIAL NETWORKING _9583367 |
||
| 650 |
_aINTRANET _9583044 |
||
| 700 |
_a Kytola Samu Ed. _9617521 |
||
| 700 |
_a Westinen Elina Ed. _9617522 |
||
| 942 |
_hD65,8(B):715, Q7 _cTEXL _2cc |
||
| 999 |
_c999051 _d999051 |
||